000 00230nam a2200121Ia 4500
100 _a#N/A
650 _aComputer/ IT
942 _cBK
654 _afedora 10; MY SQL
245 _aFedora 10
260 _b#N/A
546 _aENGLISH
999 _c21373
_d21373